Fantastic Beasts and The Secrets of Dumbledore Quiz - Statistics

General Stats
  • This quiz has been taken 139 times
  • The average score is 10 of 13
Answer Stats
Hint Answer % Correct
Which Muggle obtained a wand as a gift from Albus Dumbledore? Jacob
95%
What actor was fired from being Gellert Grindelwald? Johnny Depp
94%
Who does Jacob marry at the end of the movie? Queenie
91%
Who is the father of Credence? Aberforth
90%
Who was Albus in love with when he was younger? Grindelwald
90%
True or False? Grindelwald is cleared of all of his crimes True
90%
How many suitcases in total did they use to confuse Grindelwald's followers? 7
88%
Who is writing messages in the mirror to Aberforth? Credence
88%
Who was imprisoned while they were in Germany? Theseus
70%
What creature bows to a person when they are pure hearted? Qilin
62%
What are both Credence and Ariana, Dumledore's younger sister Obscurial
58%
What wizard candy is given to Jacob by the Slytherin boys at Hogwarts? Cockroach Clusters
35%
What is the name of Grindelwalds castle? Nurmengard
31%
No matching quizzes found
Score Distribution
Percent of People with Each Score
Percentile by Number Answered
Your Score History
You have not taken this quiz